TV Comedy by Scene Quiz Stats

Quiz Updated Jun 3, 2015

Also try: TV Series by Scene
Challenge
Share
Tweet
Score 0/25 Timer 04:00
9 Plays Today
Number TV Show % Correct
21Friends
94.7%
14The Office
93.9%
8Seinfeld
89.3%
15That '70s Show
87.3%
1Malcolm in the Middle
84.5%
1130 Rock
84%
20Cheers
80.7%
4Scrubs
80.7%
19M*A*S*H
80.6%
6My Name Is Earl
78.4%
12Frasier
76.8%
2Happy Days
76.8%
9Married... with Children
69.8%
Number TV Show % Correct
243rd Rock from The Sun
64.6%
17Cougar Town
60.3%
22Arrested Development
55.1%
5Taxi
54.6%
7Bewitched
53.6%
10Curb Your Enthusiasm
52.5%
16Diff'rent Strokes
49.3%
23Freaks and Geeks
34.6%
25Moonlighting
33.9%
13Flight of the Conchords
33.1%
18Weeds
28.5%
3The Larry Sanders Show
16.6%

You're not logged in!

Compare scores with friends on all Sporcle quizzes.
Sign Up with Email
OR
Log In

You Might Also Like...

Show Comments

Extras

Top Quizzes Today


Score Distribution

Your Account Isn't Verified!

In order to create a playlist on Sporcle, you need to verify the email address you used during registration. Go to your Sporcle Settings to finish the process.